<?xml version="1.0" encoding="UTF-8"?>
<record
    xmlns:xsi="http://www.w3.org/2001/XMLSchema-instance"
    xsi:schemaLocation="http://www.loc.gov/MARC21/slim http://www.loc.gov/standards/marcxml/schema/MARC21slim.xsd"
    xmlns="http://www.loc.gov/MARC21/slim">

  <leader>04338nam a22004095i 4500</leader>
  <datafield tag="999" ind1=" " ind2=" ">
    <subfield code="c">26878</subfield>
    <subfield code="d">26878</subfield>
  </datafield>
  <controlfield tag="006">a|||||o|||| 00| 0 </controlfield>
  <controlfield tag="007">cr nn 008mamaa</controlfield>
  <controlfield tag="008">200727s2020    sz |    s    |||| 0|eng d</controlfield>
  <datafield tag="020" ind1=" " ind2=" ">
    <subfield code="a">9783030501563</subfield>
    <subfield code="q">Online Resource 1</subfield>
  </datafield>
  <datafield tag="072" ind1=" " ind2="7">
    <subfield code="a">JPS</subfield>
    <subfield code="2">bicssc</subfield>
  </datafield>
  <datafield tag="072" ind1=" " ind2="7">
    <subfield code="a">POL012000</subfield>
    <subfield code="2">bisacsh</subfield>
  </datafield>
  <datafield tag="072" ind1=" " ind2="7">
    <subfield code="a">JPS</subfield>
    <subfield code="2">thema</subfield>
  </datafield>
  <datafield tag="082" ind1="0" ind2="4">
    <subfield code="a">327.116</subfield>
    <subfield code="2">23</subfield>
  </datafield>
  <datafield tag="100" ind1="1" ind2=" ">
    <subfield code="a">Cusumano, Eugenio.</subfield>
  </datafield>
  <datafield tag="245" ind1="1" ind2="0">
    <subfield code="a">Piracy and the Privatisation of Maritime Security</subfield>
    <subfield code="h">[electronic resource] :</subfield>
    <subfield code="b">Vessel Protection Policies Compared /</subfield>
  </datafield>
  <datafield tag="250" ind1=" " ind2=" ">
    <subfield code="a">1st ed. 2020.</subfield>
  </datafield>
  <datafield tag="260" ind1=" " ind2=" ">
    <subfield code="a">London</subfield>
    <subfield code="b">Springer</subfield>
    <subfield code="c">2020</subfield>
  </datafield>
  <datafield tag="300" ind1=" " ind2=" ">
    <subfield code="a">XVII, 286 p. 13 illus., 5 illus. in color.</subfield>
    <subfield code="b">online resource.</subfield>
  </datafield>
  <datafield tag="505" ind1="0" ind2=" ">
    <subfield code="a">Chapter 1. Introduction: protecting merchant vessels from pirates -- Chapter 2. Piracy and counter-piracy in the Twenty-first century -- Chapter 3. From divergence to isomorphism in vessel protection policy: a theoretical framework -- Chapter 4. Privateers versus pirates? The United Kingdom case -- Chapter 5. Vessel protection in the Netherlands: a belated commercialisation? -- Chapter 6. From hybrid to commercial vessel protection: the Italian case -- Chapter 7. Vessel protection in other European countries -- Chapter 8. Open registries and vessel protection: Panama, Liberia and the Marshall Islands -- Chapter 9. Isomorphic convergence in vessel protection -- Chapter 10. Conclusion: vessel protection between private and maritime security studies.</subfield>
  </datafield>
  <datafield tag="520" ind1=" " ind2=" ">
    <subfield code="a">&#x201C;An essential reading for anyone interested in the rise of private security at sea and the regulatory challenges arising.&#x201D; &#x2014; Christian Bueger, professor of International Relations, Copenhagen University &#x201C;This careful comparative analysis is a timely reminder that authority over the use of force is now located within commercial networks, inviting us to engage with the consequences.&#x201D; &#x2014; Anna Leander, professor of International Relations, Graduate Institute Geneva &#x201C;Extensive research and incisive analysis give the book authenticity and credibility, adding an invaluable contribution to fighting piracy and maritime security debates.&#x201D; &#x2014; Peter Cook, founder of the Security Association for the Maritime Industry (SAMI) In response to pirate attacks in the Western Indian Ocean, countries worldwide have increasingly authorized the deployment of armed guards from private military and security companies (PMSCs) on merchant ships. This widespread trend contradicts states&#x2019; commitment to retain a monopoly on violence and discourage the presence of arms on civilian vessels. This book conceptualizes the extensive use of PMSCs as a form of institutional isomorphism, combining the functionalist, ideational, political and organizational arguments used to account for the privatization of security on land into a synthetic explanation of the commercialization of vessel protection. Eugenio Cusumano is Assistant Professor of International Relations at the University of Leiden, the Netherlands. He wrote extensively on non-state actors&#x2019; involvement in crisis management on journals like Security Dialogue and the Journal of Strategic Studies and edited volumes published by Palgrave, Oxford and Stanford University Press. Stefano Ruzza is Assistant Professor of Political Science at the University of Turin, Italy. He is also a Head of Program at T.wai - Torino World Affairs Institute, lectures in Italian Army advanced educational programmes, and is responsible for the Italian translation of the SIPRI Yearbook Summary.</subfield>
  </datafield>
  <datafield tag="650" ind1=" " ind2="0">
    <subfield code="a">Security, International.</subfield>
  </datafield>
  <datafield tag="650" ind1=" " ind2="0">
    <subfield code="a">Politics and war.</subfield>
  </datafield>
  <datafield tag="650" ind1=" " ind2="0">
    <subfield code="a">Europe&#x2014;Politics and government.</subfield>
  </datafield>
  <datafield tag="650" ind1="1" ind2="4">
    <subfield code="a">International Security Studies.</subfield>
  </datafield>
  <datafield tag="650" ind1="2" ind2="4">
    <subfield code="a">Military and Defence Studies.</subfield>
  </datafield>
  <datafield tag="650" ind1="2" ind2="4">
    <subfield code="a">European Politics.</subfield>
  </datafield>
  <datafield tag="700" ind1="1" ind2=" ">
    <subfield code="a">Ruzza, Stefano.</subfield>
    <subfield code="e">author.</subfield>
    <subfield code="4">aut</subfield>
    <subfield code="4">http://id.loc.gov/vocabulary/relators/aut</subfield>
  </datafield>
  <datafield tag="710" ind1="2" ind2=" ">
    <subfield code="a">SpringerLink (Online service)</subfield>
  </datafield>
  <datafield tag="773" ind1="0" ind2=" ">
    <subfield code="t">Springer Nature eBook</subfield>
  </datafield>
  <datafield tag="776" ind1="0" ind2="8">
    <subfield code="i">Printed edition:</subfield>
    <subfield code="z">9783030501556</subfield>
  </datafield>
  <datafield tag="776" ind1="0" ind2="8">
    <subfield code="i">Printed edition:</subfield>
    <subfield code="z">9783030501570</subfield>
  </datafield>
  <datafield tag="776" ind1="0" ind2="8">
    <subfield code="i">Printed edition:</subfield>
    <subfield code="z">9783030501587</subfield>
  </datafield>
  <datafield tag="856" ind1="4" ind2="0">
    <subfield code="u">https://doi.org/10.1007/978-3-030-50156-3</subfield>
  </datafield>
  <datafield tag="942" ind1=" " ind2=" ">
    <subfield code="2">ddc</subfield>
    <subfield code="c">EBK</subfield>
  </datafield>
  <datafield tag="950" ind1=" " ind2=" ">
    <subfield code="a">Political Science and International Studies (SpringerNature-41174)</subfield>
  </datafield>
  <datafield tag="950" ind1=" " ind2=" ">
    <subfield code="a">Political Science and International Studies (R0) (SpringerNature-43724)</subfield>
  </datafield>
</record>
